00391nam a2200145Ia 4500003000400000008004100004020002700045040000800072100002000080245004000100260002800140300001500168365001200183440005000195LDD181029s9999 xx 000 0 und d a9780415246682cP 24.99 cLDD aBlacksell, Mark 0aPolitical geographycMark Blacksell aLondonbRoutledgec2006 axii, 244p. bP 24.99 aRoutledge contemporary human geography series